| 000 | 00511nam a2200181 i 4500 | ||
|---|---|---|---|
| 001 | 25061 | ||
| 003 | ES-MaACL | ||
| 005 | 20231101063025.0 | ||
| 007 | t| | ||
| 008 | 021220s1970 sp ||||1| spa d | ||
| 100 | 1 |
_aAradillas, Antonio, _d1928- _922156 |
|
| 245 | 1 | 0 |
_aCoeducación / _cAntonio Aradillas, Jesús Puente. |
| 260 |
_aMadrid : _bStudium, _c[1970] |
||
| 300 |
_a123 p. ; _c18 cm. |
||
| 700 | 1 |
_aPuente, Jesús. _994145 |
|
| 852 |
_aES-MaACL _jC-49614 _bR.74133 |
||
| 999 |
_c25061 _d25061 |
||